Statistics for Things You Would Find in London

Click here to take the quiz!

General Stats

  • This quiz has been taken 169 times
  • The average score is 11 of 15

Answer Stats

HintAnswer% Correct
Famous clock towerBig Ben
100%
Longest river in EnglandThames
96%
Where the queen livesBuckingham Palace
91%
Giant ferris wheelLondon Eye
88%
Park famous for its speaker's cornerHyde Park
85%
Upmarket department store in KnightsbridgeHarrods
82%
An underground line named after a former British monarchVictoria
76%
A road famous for shoppingOxford Street
75%
A district after which a Hugh Grant film was namedNotting Hill
71%
Wax museumMadame Tussauds
68%
A reconstruction of a famous Elizabethan playhouseShakespeare's Globe
68%
An area wherein film premières are heldLeicester Square
59%
Steel suspension bridge celebrating the year 2000Millenium
59%
The stadium of Chelsea FCStamford Bridge
54%
One of Europe's largest collections of global marine lifeSea Life
46%

Score Distribution

Percentile by Number Answered

Percent of People with Each Score

Your Score History

You have not taken this quiz